|
|
|
|
| LEADER |
00000nam a2200000 a 4500 |
| 001 |
vtls008311695 |
| 003 |
SK-MaSNL |
| 005 |
20260408165729.0 |
| 008 |
181127s1956 xo 000 slo |
| 015 |
|
|
|a SKSNBA1957/02-00335
|
| 035 |
|
|
|a SK01SNK19570003912
|
| 035 |
|
|
|a SKM000006375
|
| 040 |
|
|
|a SNK
|b slo
|c SNK
|e AACR2
|
| 041 |
1 |
|
|a slo
|h eng
|
| 044 |
|
|
|a xo
|c SK
|
| 080 |
|
|
|a 820-3(087.5)
|2 1981
|
| 100 |
1 |
|
|a Kipling, Rudyard,
|d 1865-1936
|4 aut
|9 122052
|
| 245 |
1 |
0 |
|a Maugli
|c R. Kipling ; prel. Ada Kuzmány-Bruothová
|
| 260 |
|
|
|a Bratislava
|b Smena
|c 1956
|e Bratislava
|f Polygrafické závody
|
| 300 |
|
|
|a 47, [1] s.
|c 8°
|
| 490 |
1 |
|
|a Dobrodružné romány
|v zv. 7
|
| 500 |
|
|
|a Ilustr. Pozn.
|
| 500 |
|
|
|a Obál. tit.
|
| 563 |
|
|
|a 20000 výtl.
|
| 655 |
|
7 |
|a umelecká literatúra
|2 SNKPH
|9 60405
|
| 655 |
|
7 |
|a dobrodružné romány
|2 SNKPH
|9 70486
|
| 655 |
|
7 |
|a anglické romány
|2 SNKPH
|9 70428
|
| 700 |
1 |
|
|a Bruothová, Adriena,
|d 1905-1983
|4 trl
|9 1636436
|
| 830 |
|
0 |
|a Dobrodružné romány
|9 276927
|
| 852 |
|
|
|a Slovenská národná knižnica v Martine
|b 10000
|h SB 3745
|
| 852 |
|
|
|a Slovenská národná knižnica v Martine
|b 10000
|h SB 3745 D1
|
| 919 |
|
|
|a brož.
|
| 958 |
|
|
|a TL
|
| 958 |
|
|
|a RK
|
| 958 |
|
|
|a UP
|
| 958 |
|
|
|a LX
|
| 958 |
|
|
|a OND
|
| 999 |
|
|
|c 1035421
|d 1037351
|
| 952 |
|
|
|a SNK
|b SNK
|y PREZ
|7 0
|o snkSB 3745
|0 0
|1 0
|4 0
|d 2020-12-08
|l 0
|r 2026-02-24 14:07:07
|w 2026-02-24
|